Devinez la Capitale Mystère #15 - Statistiques

Statistiques générales
  • Ce quiz a été pris 285 fois
  • Le résultat moyen est 26 sur 33
Statistiques - réponses
Type de Réponse Réponse % Correct
Lettre Trouvée A
100%
Lettre de l'Alphabet E
100%
Lettre de l'Alphabet R
100%
Lettre Trouvée I
99%
Lettre de l'Alphabet N
98%
Lettre de l'Alphabet L
97%
Lettre Trouvée S
97%
Lettre de l'Alphabet O
96%
Lettre Trouvée B
95%
Lettre de l'Alphabet D
93%
Lettre de l'Alphabet P
91%
Lettre de l'Alphabet T
90%
Lettre de l'Alphabet M
89%
Lettre Bien Placée B
87%
Lettre Trouvée U
86%
Lettre de l'Alphabet G
85%
Lettre de l'Alphabet C
81%
Lettre de l'Alphabet H
78%
Lettre de l'Alphabet K
77%
Lettre de l'Alphabet V
73%
Lettre Bien Placée S
71%
Lettre Bien Placée S
71%
Lettre de l'Alphabet W
70%
Lettre de l'Alphabet X
70%
Lettre Bien Placée I
69%
Lettre Bien Placée A
66%
Lettre de l'Alphabet Y
64%
Lettre de l'Alphabet J
63%
Lettre de l'Alphabet F
59%
Lettre Bien Placée U
59%
Lettre de l'Alphabet Z
59%
Lettre de l'Alphabet Q
56%
Capitale Mystère Bissau
55%
Aucun quiz correspondant
Distribution des résultats
% des personnes avec chaque résultat
Percentile par nombre de réponses
Votre historique - résultats
Vous n’avez pas pris ce quiz